000 01048cam a2200301 4500
999 _c26457
_d26457
001 1729573
005 20170204121043.0
008 720725s1972 nyua 000 0 eng
010 _a 73188809
020 _a048622788X
040 _aDLC
_cDLC
_dDLC
050 0 0 _aNK3630 .G5 1972
082 0 0 _a745.6/1
100 1 _aGillon, Edmund Vincent,
_ecomp.
245 1 0 _aPictorial calligraphy and ornamentation;
_c86 plates selected by Edmund V. Gillon, Jr. from the work of Pedro Díaz Morante, Giuliano Sellari, and Leopardo Antonozzi.
260 _aNew York,
_bDover Publications
_c1972
300 _avi, 86 p.
_billus.
_c22 x 29 cm.
490 0 _aDover pictorial archive series
650 0 _aCalligraphy.
650 0 _aLettering.
650 0 _aDecoration and ornament.
700 2 _aDíaz Morante, Pedro.
700 1 _aSellari, Giuliano.
700 1 _aAntonozzi, Leopardo.
906 _a7
_bcbc
_corignew
_d2
_encip
_f19
_gy-gencatlg
942 _2lcc
_cBOOKS
_hNK3630 .G5 1972
_k33811